[Event "DVM U20w 2013"]
[Site "Osnabrück GER"]
[Date "2013.12.27"]
[Round "1"]
[White "Alsheimer, Lea"]
[Black "Neisius, Laura"]
[Result "1-0"]
[Termination "normal"]
[Board "6.3"]
[WhiteElo "1406"]
[BlackElo "1315"]
[WhiteTeam "SC Bechhofen 1923 e.V."]
[BlackTeam "SC 1979 Hattersheim"]
[WhiteFideId "12918180"]
[BlackFideId "12910040"]
[EventCountry "GER"]
[EventRounds "7"]
[EventType "team-swiss"]
[EventDate "2013.12.26"]

1. d4 e6 2. Nf3 d5 3. e3 Nf6 4. Bd3 c6 5. b3 Qa5+ 6. c3 Nbd7 7. Bb2 b5 8. Nbd2
Bb7 9. O-O Be7 10. Ne5 O-O 11. f4 c5 12. Rf3 g6 13. b4 cxb4 14. cxb4 Bxb4 15.
Nf1 Nxe5 16. fxe5 Nh5 17. Rh3 Ng7 18. Ng3 f5 19. exf6 Rxf6 20. Qg4 Qc7 21. Qh4
Ne8 22. Bxb5 Qg7 23. a3 Nd6 24. Bd3 Bd2 25. Nf1 Ba5 26. Qg5 Nf7 27. Qg4 Bc8 28.
Qg3 Nh6 29. Qd6 Bc7 30. Qc6 Rb8 31. Qc3 Bb6 32. Rg3 Nf5 33. Bxf5 Rxf5 34. Qd3
Bc7 35. Bc3 Bxg3 36. Nxg3 Rf7 37. Bb4 Bd7 38. Qa6 Bb5 39. Qxe6 Qf6 40. Qxd5
Qf2+ 41. Kh1 Qc2 42. Qe5 Rc8 43. Bc5 Bc6 44. Rg1 Re8 45. Qd6 Bb7 46. d5 Ref8
47. Bxa7 Qd3 48. e4 Bc8 49. Bc5 Rf1 50. Nxf1 Rxf1 51. Qd8+ Kg7 52. Qxc8 Rxg1+
53. Bxg1 Qxe4 54. Qe6 Qd3 55. Qe7+ Kh6 56. Qe3+ Qxe3 57. Bxe3+ 1-0

[Event "DVM U20w 2013"]
[Site "Osnabrück GER"]
[Date "2013.12.27"]
[Round "1"]
[White "Heyd, Julia"]
[Black "Böse, Carolin"]
[Result "0-1"]
[Termination "normal"]
[Board "6.4"]
[WhiteElo "1060"]
[BlackElo "1318"]
[WhiteTeam "SC 1979 Hattersheim"]
[BlackTeam "SC Bechhofen 1923 e.V."]
[WhiteFideId "12927317"]
[BlackFideId "12929646"]
[EventCountry "GER"]
[EventRounds "7"]
[EventType "team-swiss"]
[EventDate "2013.12.26"]

1. c4 Nf6 2. Nc3 g6 3. g3 Bg7 4. Bg2 c6 5. Nf3 O-O 6. O-O d5 7. cxd5 cxd5 8. d4
Bf5 9. Bf4 Nc6 10. Qd2 Ne4 11. Qe3 Nb4 12. Rfc1 Rc8 13. Ne1 Qb6 14. Na4 Rxc1
15. Rxc1 Qa5 16. Qb3 Bxd4 17. Nd3 Nxd3 18. Qxd3 Qxa4 19. b3 Bxf2+ 20. Kf1 Qa5
21. Bxe4 Bxe4 22. Bd2 Bxd3 23. Bxa5 Be3 24. Rc3 Bd2 25. Rxd3 Bxa5 26. Rxd5 Bb4
27. Rb5 Bd6 28. Rxb7 a5 29. Ra7 Bb4 30. Rb7 e6 31. Ra7 Rc8 32. a3 Rc1+ 33. Kg2
Bd2 34. Rb7 Rb1 35. Kf3 a4 36. b4 Rb3+ 37. Kf2 Rxa3 38. b5 Rb3 39. Kg2 a3 40.
Ra7 Be3 41. Ra6 Bc5 42. Ra5 Rb2 43. b6 Rxe2+ 44. Kh3 Bxb6 45. Rxa3 Bg1 46. Kg4
h5+ 47. Kg5 Kg7 48. Rf3 Bxh2 49. Kh4 Bg1 50. g4 Re4 51. Kg3 Rxg4+ 52. Kh3 Bc5
53. Rg3 Rxg3+ 54. Kxg3 e5 55. Kf3 h4 56. Kg4 e4 0-1